Online
Catalog

Winston Churchill / (Record no. 36175)

MARC details
000 -CABECERA
campo de control de longitud fija 00684nam a2200193 a 4500
001 - NÚMERO DE CONTROL
campo de control 000036684
005 - FECHA Y HORA DE LA ÚLTIMA TRANSACCIÓN
campo de control 20200930075855.0
008 - DATOS DE LONGITUD FIJA--INFORMACIÓN GENERAL
campo de control de longitud fija 120125s2003 sp c 000 0bspa d
040 ## - FUENTE DE LA CATALOGACIÓN
Centro catalogador/agencia de origen DO-SdBNP
Lengua de catalogación spa
Centro/agencia transcriptor BNPHU
082 ## - NÚMERO DE LA CLASIFICACIÓN DECIMAL DEWEY
Número de clasificación xxx
Número de documento/Ítem C563J
100 1# - ENTRADA PRINCIPAL--NOMBRE DE PERSONA
Nombre de persona Jenkins, Roy,
Fechas asociadas al nombre 1920-2003
9 (RLIN) 62963
245 10 - MENCIÓN DE TÍTULO
Título Winston Churchill /
Mención de responsabilidad, etc. Roy Jenkins ; prólogo de Manuel Fraga Iribarne.
260 ## - PUBLICACIÓN, DISTRIBUCIÓN, ETC.
Lugar de publicación, distribución, etc. Madrid :
Nombre del editor, distribuidor, etc. Ediciones Folio,
Fecha de publicación, distribución, etc. 2003.
300 ## - DESCRIPCIÓN FÍSICA
Extensión 2 v. :
Otras características físicas retrs. ;
Dimensiones 21 cm.
490 1# - MENCIÓN DE SERIE
Mención de serie Biblioteca ABC. Protagonistas del S. XX
Designación de volumen o secuencia 1
500 ## - NOTA GENERAL
Nota general La biblioteca solo posee el volumen 1.
700 1# - PUNTO DE ACCESO ADICIONAL--NOMBRE DE PERSONA
Nombre de persona Fraga Iribarne, Manuel,
Término indicativo de función/relación pról.
9 (RLIN) 62964
830 #0 - PUNTO DE ACCESO ADICIONAL DE SERIE-TÍTULO UNIFORME
Título uniforme Biblioteca ABC. Protagonistas del S. XX;
Designación de volumen o secuencia 1
9 (RLIN) 62965
Holdings
Estado de retiro Estado de pérdida Restricciones de uso No para préstamo Código de colección Localización permanente Ubicación/localización actual Ubicación en estantería Fecha de adquisición Número de inventario Total de préstamos Signatura topográfica completa Código de barras Fecha visto por última vez Precio válido a partir de Tipo de ítem Koha
        Monografías: Libros y Folletos General General En catalogación 25.01.2012 LF1   v.1 36684-10 25.06.2020 25.06.2020 Préstamo en sala

Powered by Koha